Lista de Paises Por Consumo De Cerveja Por Pessoa - Statistics

Estatísticas Gerais
  • Esse quiz foi jogado 93 vezes
  • A pontuação média é 23 de 35
Estatísticas das Respostas
Classificação País Consumo(Litros/Ano) % Correto
1 Brasil 157.1
100%
3 Alemanha 115.8
99%
13 Estados Unidos 81.6
95%
22 Russia 58.9
88%
19 Canada 68.3
86%
12 Espanha 83.8
84%
30 Mexico 51.8
84%
6 Reino Unido 99.0
83%
5 Australia 109.9
81%
15 Holanda 79.0
80%
32 Japao 51.3
80%
31 Suecia 51.5
80%
9 Finlandia 85.0
76%
4 Portugal 110.4
75%
7 Belgica 93.0
73%
2 Irlanda 131.1
73%
29 Noruega 55.5
73%
26 Suiça 57.3
73%
18 Polonia 69.1
72%
34 Colombia 36.8
71%
8 Dinamarca 89.9
67%
16 Nova Zelandia 77.0
67%
5 Austria 109.9
64%
24 Romenia 58.2
60%
21 Africa do Sul 59.2
59%
33 Coreia do Sul 38.5
57%
17 Hungria 75.3
57%
11 Eslovaquia 84.1
54%
14 Croacia 81.2
47%
23 Venezuela 58.6
47%
20 Bulgaria 59.5
46%
10 Luxemburgo 84.4
39%
25 Chipre 58.1
11%
27 Gabao 55.8
2%
28 Republica Chequia 55.6
2%
Nenhum quiz correspondente encontrado
Distribuição das Pontuações
Porcentagem de Pessoas com Cada Pontuação
Percentil de Números Respondidos
Sua Pontuação Histórica
Você não jogou esse quiz